Madeline and her dog / (Record no. 5883)

MARC details
000 -LEADER
fixed length control field 01163nam a22003137a 4500
001 - CONTROL NUMBER
control field 5883
003 - CONTROL NUMBER IDENTIFIER
control field FISKH
005 - DATE AND TIME OF LATEST TRANSACTION
control field 20250131082111.0
008 - FIXED-LENGTH DATA ELEMENTS--GENERAL INFORMATION
fixed length control field 250130b cb ||||| |||| 00| 0 eng d
020 ## - INTERNATIONAL STANDARD BOOK NUMBER
International Standard Book Number 9780448454382
040 ## - CATALOGING SOURCE
Original cataloging agency FISKH
Language of cataloging eng
Transcribing agency FISKH
Modifying agency FISKH
050 ## - LIBRARY OF CONGRESS CALL NUMBER
Classification number PZ8.M368 M
082 ## - DEWEY DECIMAL CLASSIFICATION NUMBER
Classification number 813.6
100 ## - MAIN ENTRY--PERSONAL NAME
Personal name Marciano, Bemelmans John
Dates associated with a name (1970-)
245 ## - TITLE STATEMENT
Title Madeline and her dog /
Statement of responsibility, etc. written by john Bemelmans Marciano ; illustrated by JT Morrow ; based on the art of John Bemelmans Marciano
250 ## - EDITION STATEMENT
Edition statement This edition first published in 2011
260 ## - PUBLICATION, DISTRIBUTION, ETC.
Place of publication, distribution, etc. New York :
Name of publisher, distributor, etc. Penguin Young,
Date of publication, distribution, etc. 2011.
300 ## - PHYSICAL DESCRIPTION
Extent 32 pages :
Other physical details color illustrations ;
Dimensions 23 cm
490 ## - SERIES STATEMENT
Series statement Penguin young readers
Volume/sequential designation Progressing reader level 2
505 ## - FORMATTED CONTENTS NOTE
Formatted contents note E<br/>
520 ## - SUMMARY, ETC.
Summary, etc. After happily exploring garbage cans in the streets of Paris and pulling fish from the river, Genevieve, the puppy belonging to Madeline and the other orphans, receives an unwanted bath.
521 8# - TARGET AUDIENCE NOTE
Target audience note 270<br/>
Source Lexile<br/>
521 8# - TARGET AUDIENCE NOTE
Target audience note E<br/>
Source Raz-Plus<br/>
650 ## - SUBJECT ADDED ENTRY--TOPICAL TERM
Source of heading or term Responsibility
Topical term or geographic name entry element Fiction
651 ## - SUBJECT ADDED ENTRY--GEOGRAPHIC NAME
Source of heading or term Upstairs
Geographic name School
700 ## - ADDED ENTRY--PERSONAL NAME
Personal name Morrow, JT
Dates associated with a name illustrator
942 ## - ADDED ENTRY ELEMENTS (KOHA)
Source of classification or shelving scheme Dewey Decimal Classification
Koha item type Books
Suppress in OPAC No
Holdings
Withdrawn status Lost status Source of classification or shelving scheme Damaged status Not for loan Collection Home library Current library Shelving location Date acquired Total Checkouts Full call number Barcode Date last seen Copy number Price effective from Koha item type
    Dewey Decimal Classification     Juvenile Fiction Footprints International School Library Network Toul Kork Campus Footprints International School Library Network Toul Kork Campus TK Primary Library Room(4th Floor), Bookcase 7, Shelves 57-60, Dark Green Books 01/30/2025   MAR 813.6 PZ8.M368 M FISTK02761 01/30/2025 1 01/30/2025 Books
    Dewey Decimal Classification     Juvenile Fiction Footprints International School Library Network Toul Tom Poung Campus Footprints International School Library Network Toul Tom Poung Campus TTP Primary Green Bookshelves 06/16/2025   MAR 813.6 PZ8.M368 M FISTK01336 06/16/2025 2 06/16/2025 Books